Rapid urban environmental assessment : (Record no. 12006)

000 -LEADER
fixed length control field 00702cam a2200217 a 4500
020 ## - INTERNATIONAL STANDARD BOOK NUMBER
ISBN 0821327909
020 ## - INTERNATIONAL STANDARD BOOK NUMBER
ISBN 0821327917
040 ## - CATALOGING SOURCE
Transcribing agency DLC
082 00 - DEWEY DECIMAL CLASSIFICATION NUMBER
Classification number 363 PUB 1994 A018 Co.
100 1# - MAIN ENTRY--AUTHOR NAME
Personal name Leitmann, Josef.
245 10 - TITLE STATEMENT
Title Rapid urban environmental assessment :
Remainder of title lessons from cities in the developing world /
260 ## - PUBLICATION, DISTRIBUTION, ETC. (IMPRINT)
Place of publication Washington, D.C. :
Name of publisher Published for the Urban Management Programme by the World Bank,
Year of publication c1994.
300 ## - PHYSICAL DESCRIPTION
Number of Pages 2 v. ;
Dimensions 28 cm.
490 1# - SERIES STATEMENT
Series statement Urban Management Program,
650 #0 - SUBJECT ADDED ENTRY--TOPICAL TERM
Topical Term Cities and towns
650 #0 - SUBJECT ADDED ENTRY--TOPICAL TERM
Topical Term Environmental risk assessment
650 #0 - SUBJECT ADDED ENTRY--TOPICAL TERM
Topical Term Urban ecology (Sociology)
650 #0 - SUBJECT ADDED ENTRY--TOPICAL TERM
Topical Term Environmental policy
710 2# - ADDED ENTRY--CORPORATE NAME
Corporate name or jurisdiction name as entry element Urban Management Program.
942 ## - ADDED ENTRY ELEMENTS (KOHA)
Koha item type សៀវភៅភាសាអង់គ្លេស
952 ## - LOCATION AND ITEM INFORMATION (KOHA)
Withdrawn status [LOCAL, KOHA] 0
Holdings
Permanent Location Date acquired Koha item type Lost status Shelving location Barcode Current Location Full call number
Library Block A2017-08-09សៀវភៅភាសាអង់គ្លេស A018A12182Library Block A363 PUB 1994 A018 Co.
មជ្ឈមណ្ឌលឯការនៃសាកលវិទ្យាល័យភូមិន្ទកសិកម្មចំការដូង

Powered by Koha